Представление документа в формате RUSMARC

ПолеНазваниеЗначение
  Тип записи i
  Библиографический уровень m
001 Контрольный номер RU/IS/BASE/555684761
005 Дата корректировки 20260123095142.1
010 Индекс ISBN __
a ISBN 978-5-9677-2530-2 (в кор.)
d Цена 238-95
100 Данные общей обработки __
a Данные общей обработки 19170810d20162015||| 0rusy0189 ca
101 Язык документа 1_
a Язык текста rus
c Язык оригинала eng
102 Страна публикации __
a Страна публикации ru|
105 Кодированные данные (монография) __
a Кодированные данные (монография) nn|||||||f|zy
127 Кодированные данные (звукозаписи-физические характеристики) __
a Продолжительность проигрывания 07 ч 05 мин
200 Заглавие и сведения об ответственности 1_
a Заглавие Маленький оборвыш
e Сведения, относящиеся к заглавию [аудиокнига : 12+]
f Первые сведения об ответственности Джеймс Гринвуд ; [перевод с английского А. Анненской ; читает Е. Ключкина]
b Общее обозначение материала Звукозапись
210 Выходные данные 1_
a Место издания Москва
c Издательство 1С-Паблишинг
c Издательство Агентство
d Дата издания 2016
215 Физическое описание __
a Объем 1 электрон. опт. диск (Audio CD)
c Иллюстрации/тип воспроизводства mp3, stereo
d Формат 12х14 см
225 Серия 2_
a Серия 1С: Аудиокниги
230 Специфическая характеристика материала: электронные ресурсы __
a Обозначение и объем ресурса Электронные звуковые данные
300 Общие примечания __
a Общие примечания Заглавие с этикетки диска
300 Общие примечания __
a Общие примечания Запись 2015 года
323 Примечание о главных создателях, исполнителях, участниках __
a Примечание о главных создателях, исполнителях, участниках Ключкина, Е. (читает)
330 Аннотация __
a Аннотация Джеймс Гринвуд (1833-1929) - британский писатель и журналист. Он выпустил около сорока книг, но истинную славу ему принесла одна-единственная повесть. Её полное название - "Настоящая история маленького оборвыша" (1866). На родине писателя она выходила только дважды. В нашей стране "Маленький оборвыш" - как в переводе, так и в адаптированном для детей пересказе - выдержал около полусотни изданий и считается классическим произведением детской литературы. Главный герой повести - маленький мальчик Джим. Сбежав от побоев из дома, он становится бродяжкой. Есть расхожая фраза, что бедность не порок. Вот только на какие поступки нищета может подтолкнуть неокрепшее дитя? И кто виноват в злоключениях Джима? У повести, в традициях "старой доброй Англии", счастливый конец. Но то, что ему предшествует, никого из слушателей не оставит равнодушным. Это повествование актуально и сегодня.
333 Примечание о целевом назначении __
a Примечание о целевом назначении 12+. Для детей старше 12 лет
337 Примечание о системных требованиях (электронные ресурсы) __
a Примечание о системных требованиях (электронные ресурсы) Системные требования: CD-плеер с поддержкой MP3 ; Pentium-233 с Windows 9x-XP ; CD-ROM ; звуковая карта
606 Тематические рубрики __
a Основная рубрика Художественная литература
606 Тематические рубрики __
a Основная рубрика Литература Европы (произведения)
y Географическая подрубрика Англия
y Географическая подрубрика Великобритания
610 Ключевые слова 0_
a Ключевые слова английская литература
a Ключевые слова детская литература
a Ключевые слова зарубежная литература
a Ключевые слова иностранная литература
a Ключевые слова повести
a Ключевые слова тема беспризорников
a Ключевые слова тема бродяжничества
a Ключевые слова тема детей
a Ключевые слова тема детства
a Ключевые слова тема жизни
a Ключевые слова тема испытаний
686 Индексы других классификаций __
2 Код системы rubbks
a Классификационный индекс ст84(4Вел)-4я0
700 Автор _1
a Фамилия Гринвуд
b Имя Д.
f Даты 1833-1929
g Полное личное имя Джеймс
4 Код отношения 070
702 Вторичная интеллектуальная ответственность _1
a Фамилия Анненская
b Имя А.
4 Код отношения Переводчик
4 Код отношения 730
801 Источник записи _0
a Страна ru
b Организация Муниципальное бюджетное учреждение культуры "Централизованная библиотечная система" г. Сургут (Центральная городская библиотека им. А. С. Пушкина)
c Дата составления 20170810
g Правила каталогизации КиК/Апакова
801 Источник записи _1
a Страна ru
b Организация Муниципальное бюджетное учреждение культуры "Централизованная библиотечная система" г. Сургут (Центральная городская библиотека им. А. С. Пушкина)
c Дата составления 20170810
g Правила каталогизации КиК/Апакова
852 Данные о местонахождении __
j Шифр хранения ст84(4Вел)-4я0
i Авторский знак Г 85
901 Тип документа __
t Тип документа 0
903 Характеристики (МАРС) __
a Дата передачи 20170810
969 Тип издания __
a Тип издания издание для детей; аудиокнига; издание для слепых
990 Данные о заказе (DOS) __
j Количество экземпляров (DOS) 6
t N записи в КСУ для И/У (DOS) 201708